000 00833cam a22002651 4500
001 4149
003 BD-RjUL
005 20211208233836.0
008 131222s1948 onc 001 0 eng
035 _a(BD-RjUL)4183
035 _a(OCoLC)4167096
040 _aDLC
_cIPfsG
_dDLC
_dBD-RjUL
_beng
041 _aeng
082 _a332.67
_bMCP 1948
100 1 _aMcEachern, Ronald Alexander,
_d1908-
_913159
245 1 0 _aPutting your dollars to work /
_cRonald Alexander McEachern
260 _aToronto ;
_aNew York :
_bOxford Univ. Press,
_cc1948
300 _axii, 347 p. ;
_c22 cm.
504 _aIncludes index.
650 0 _aInvestments.
_913160
856 _uhttp://www.worldcat.org/title/putting-your-dollars-to-work/oclc/4167096&referer=brief_results
942 _2ddc
_cBK
999 _c4149
_d4149